| 000 | 01510nam a2200373 a 4500 | ||
|---|---|---|---|
| 001 | ebr10705874 | ||
| 003 | CaPaEBR | ||
| 006 | m o u | ||
| 007 | cr cn||||||||| | ||
| 008 | 130603s2013 enkab sb 000 0 eng d | ||
| 020 | _z9781781905418 | ||
| 020 | _z9781781905425 (e-book) | ||
| 040 |
_aCaPaEBR _cCaPaEBR |
||
| 035 | _a(OCoLC)844416579 | ||
| 043 | _apo----- | ||
| 050 | 1 | 4 |
_aDU28 _b.E54 2013eb |
| 245 | 0 | 0 |
_aEngaging with capitalism _h[electronic resource] : _bcases from Oceania / _cedited by Fiona McCormack, Kate Barclay. |
| 250 | _a1st ed. | ||
| 260 |
_aBingley, United Kingdom : _bEmerald, _c2013. |
||
| 300 |
_ax, 357 p. : _bill., map. |
||
| 490 | 1 |
_aResearch in economic anthropology, _x0190-1281 ; _vv. 33 |
|
| 504 | _aIncludes bibliographical references. | ||
| 533 |
_aElectronic reproduction. _bPalo Alto, Calif. : _cebrary, _d2013. _nAvailable via World Wide Web. _nAccess may be limited to ebrary affiliated libraries. |
||
| 650 | 0 |
_aIndigenous peoples _xCultural assimilation _zOceania. |
|
| 650 | 0 |
_aIndigenous peoples _zOceania _xEconomic conditions. |
|
| 650 | 0 |
_aIndigenous peoples _zOceania _xSocial conditions. |
|
| 650 | 0 |
_aCapitalism _zOceania. |
|
| 655 | 7 |
_aElectronic books. _2local |
|
| 700 | 1 | _aMcCormack, Fiona. | |
| 700 | 1 | _aBarclay, Kate. | |
| 710 | 2 | _aebrary, Inc. | |
| 830 | 0 |
_aResearch in economic anthropology ; _vv. 33. |
|
| 856 | 4 | 0 |
_uhttp://site.ebrary.com/lib/rucke/Doc?id=10705874 _zAn electronic book accessible through the World Wide Web; click to view |
| 999 |
_c4103 _d4103 |
||